| 000 | 00961cam a22002895i 4500 | ||
|---|---|---|---|
| 003 | EG-ScBUE | ||
| 005 | 20250206101805.0 | ||
| 008 | 090818s2025 ua f 0000 0 ara d | ||
| 017 | _a2025 / 1927 | ||
| 020 | _a9789770939529 | ||
| 040 |
_aEG-ScBUE _bara _erda _cEG-ScBUE _dEG-ScBUE |
||
| 082 | 0 | 4 |
_a155.2 _bط هـ م _222 |
| 100 | 1 |
_aطه، محمد، _eمؤلف، |
|
| 245 | 1 | 0 |
_aفي دايرة الرحلة : _bالحب .. الوعي .. الأحلام / _cد. محمد طه. |
| 250 | _aالطبعة الأولى. | ||
| 264 | 1 |
_aالقاهرة : _bدار الشروق، _c2025. |
|
| 300 |
_a353 صفحة ؛ _c20 سم |
||
| 336 |
_aنص _btxt _2rdacontent |
||
| 337 |
_aبدون وسيط _bn _2rdamedia |
||
| 338 |
_aمجلد _bnc _2rdacarrier |
||
| 541 | _aBook Fair 2025. | ||
| 650 | 7 |
_aالحب (علم نفس) _2BUEsh |
|
| 650 | 7 | _aالشخصية (علم نفس) | |
| 653 |
_bHHUUPPSS _cFebruary2025 |
||
| 655 | _vReading book | ||
| 942 |
_2ddc _cBB |
||
| 999 |
_c30871 _d30842 |
||